| 000 | 00427nam a2200145Ia 4500 | ||
|---|---|---|---|
| 008 | 231217s9999 xx 000 0 und d | ||
| 041 | _aEnglish | ||
| 082 | _a658 PRA2;1 R | ||
| 100 | _aPradeep Kumar | ||
| 245 | 0 | _aPrinciples of management for M.Com, MBA, CS, ICWA, DPMD, BA, and other competitive examinations | |
| 250 | _a12th ed. | ||
| 260 |
_cNULL _bKedarnath Ramnath and Co. _aMeerut |
||
| 300 | _a362 | ||
| 942 | _cAA | ||
| 999 |
_c180694 _d180694 |
||